Preliminary study on heterobeltiosis for yield and yield components of 10 mungbean F1 crosses

Salvato in:
Dettagli Bibliografici
Autore principale: AVRDC
Natura: Libro
Lingua:Undetermined
Pubblicazione: Taiwan AVRDC 1980
Soggetti:
Tags: Aggiungi Tag
Nessun Tag, puoi essere il primo ad aggiungerne! !
Thư viện lưu trữ: Trung tâm Học liệu Trường Đại học Cần Thơ
LEADER 00578nam a2200181Ia 4500
001 CTU_13383
008 210402s9999 xx 000 0 und d
082 |a 635.6 
082 |b A832 
100 |a AVRDC 
245 0 |a Preliminary study on heterobeltiosis for yield and yield components of 10 mungbean F1 crosses 
245 0 |c AVRDC 
260 |a Taiwan 
260 |b AVRDC 
260 |c 1980 
650 |a cabbage,cucumbers,horticulture - asian,mungbean,soybean,tobacco 
904 |i Nguyễn Quang Điền, 961127 
980 |a Trung tâm Học liệu Trường Đại học Cần Thơ